| 000 -LEADER | |
|---|---|
| fixed length control field | 00397nam a22001697a 4500 |
| 005 - DATE AND TIME OF LATEST TRANSACTION | |
| control field | 20260310164225.0 |
| 008 - FIXED-LENGTH DATA ELEMENTS--GENERAL INFORMATION | |
| fixed length control field | 260310b |||||||| |||| 00| 0 eng d |
| 020 ## - INTERNATIONAL STANDARD BOOK NUMBER | |
| ISBN | 978-93-95759-37-3 |
| 041 ## - LANGUAGE CODE | |
| Language code of text/sound track or separate title | eng |
| 082 ## - DEWEY DECIMAL CLASSIFICATION NUMBER | |
| Classification number | 346.066 RAJ-C |
| 100 ## - MAIN ENTRY--AUTHOR NAME | |
| Personal name | RAJORIA, DR. KRATI |
| 245 ## - TITLE STATEMENT | |
| Title | COMPANY LAW |
| 260 ## - PUBLICATION, DISTRIBUTION, ETC. (IMPRINT) | |
| Place of publication | FARIDABAD |
| Name of publisher | ALLAHABAD LAW AGENCY |
| 300 ## - PHYSICAL DESCRIPTION | |
| Number of Pages | 323;P |
| 650 ## - SUBJECT ADDED ENTRY--TOPICAL TERM | |
| Topical Term | LAW |
| 942 ## - ADDED ENTRY ELEMENTS (KOHA) | |
| Koha item type | Books |
| Lost status | Damaged status | Collection code | Home library | Current library | Shelving location | Date acquired | Source of acquisition | Cost, normal purchase price | Serial Enumeration / chronology | Full call number | Accession Number | Koha item type |
|---|---|---|---|---|---|---|---|---|---|---|---|---|
| LAW | JRU Library | JRU Library | SHELF-29-D | 09/03/2026 | PURCHASE | 495.00 | LBI/000882 DATE-06/03/2026 | 346.066 | 29331 | Books | ||
| LAW | JRU Library | JRU Library | SHELF-29-D | 09/03/2026 | PURCHASE | 495.00 | LBI/000882 DATE-06/03/2026 | 346.066 | 29332 | Books | ||
| LAW | JRU Library | JRU Library | SHELF-29-D | 09/03/2026 | PURCHASE | 495.00 | LBI/000882 DATE-06/03/2026 | 346.066 | 29333 | Books | ||
| LAW | JRU Library | JRU Library | SHELF-29-D | 09/03/2026 | PURCHASE | 495.00 | LBI/000882 DATE-06/03/2026 | 346.066 | 29334 | Books | ||
| LAW | JRU Library | JRU Library | SHELF-29-D | 09/03/2026 | PURCHASE | 495.00 | LBI/000882 DATE-06/03/2026 | 346.066 | 29335 | Books | ||
| LAW | JRU Library | JRU Library | SHELF-29-D | 09/03/2026 | PURCHASE | 495.00 | LBI/000882 DATE-06/03/2026 | 346.066 | 29336 | Books |